Catálogo

PSICOLOGIA DE LA CREATIVIDAD : (Registro nro. 20760)

Detalles MARC
000 -LEADER
fixed length control field 00527nam a2200193 a 4500
001 - CONTROL NUMBER
control field 20760
005 - DATE AND TIME OF LATEST TRANSACTION
control field 20180713214408.0
008 - FIXED-LENGTH DATA ELEMENTS--GENERAL INFORMATION
fixed length control field 140415s1995 000 0 spa d
020 ## - INTERNATIONAL STANDARD BOOK NUMBER
International Standard Book Number 9688604461
041 ## - LANGUAGE CODE
Language code of text/sound track or separate title spa
082 ## - DEWEY DECIMAL CLASSIFICATION NUMBER
Classification number 153.35
Item number ROD
100 1# - MAIN ENTRY--PERSONAL NAME
Personal name Rodríguez Estrada, Mauro,.
245 10 - TITLE STATEMENT
Title PSICOLOGIA DE LA CREATIVIDAD :
Remainder of title MANUAL DE SEMINARIOS VIVENCIALES
250 ## - EDITION STATEMENT
Edition statement 3a ed.
260 ## - PUBLICATION, DISTRIBUTION, ETC.
Place of publication, distribution, etc. [s.l.] :
Name of publisher, distributor, etc. PAX,
Date of publication, distribution, etc. 1995
300 ## - PHYSICAL DESCRIPTION
Extent 189
490 ## - SERIES STATEMENT
Series statement CREATIVIDAD SIGLO XXI
650 14 - SUBJECT ADDED ENTRY--TOPICAL TERM
Topical term or geographic name entry element APTITUD CREADORA
Existencias
Withdrawn status Lost status Source of classification or shelving scheme Damaged status Not for loan Collection code Home library Current library Shelving location Date acquired Source of acquisition Inventory number Total Checkouts Full call number Barcode Date last seen Date last checked out Price effective from Koha item type
    Dewey Decimal Classification     General Biblioteca Karol Wojtyla Biblioteca Karol Wojtyla Sala general 03/12/2013 Compra 151000000000000000061673 1 153.35 ROD 40749 06/05/2025 28/04/2025 03/12/2013 Libro